Statistics for Countries With Shortest Names

Click here to take the quiz!

General Stats

  • This quiz has been taken 77 times
    (64 since last reset)
  • The average score is 29 of 34

Answer Stats

Country% Correct
Oman
98%
Peru
98%
Chad
96%
Mali
95%
Fiji
93%
Iran
93%
Iraq
93%
Italy
93%
4Togo
93%
5Yemen
93%
Chile
91%
Laos
91%
Haiti
89%
Japan
89%
Cuba
87%
Spain
87%
Benin
85%
Ghana
85%
Nauru
85%
Nepal
85%
Tonga
85%
India
84%
Niger
84%
Palau
84%
Qatar
84%
China
82%
Gabon
82%
Kenya
80%
Libya
80%
Samoa
80%
Sudan
80%
Egypt
75%
Malta
73%
Syria
67%

Score Distribution

Percentile by Number Answered

Percent of People with Each Score

Your Score History

You have not taken this quiz since the last reset